Reforma daňovej správy SR

Daňová správa SR v prípade vstupu do Európskej únie bude povinná vykonať a implementovať do postupov používaných v daňovej správe zmeny, zabezpečujúce podmienky a nariadenia uplatňované v Európskej únii.

Guardado en:
Detalles Bibliográficos
Autor principal: Mráz, Ondrej
Formato: Capítulo de libro
Lenguaje:eslovaco
Materias:
Etiquetas: Agregar Etiqueta
Sin Etiquetas, Sea el primero en etiquetar este registro!

MARC

LEADER 00000naa a2200000 4500
001 r041715
005 20231002115353.0
041 0 |a slo 
044 |a SK 
245 1 0 |a Reforma daňovej správy SR  |c Ondrej Mráz 
520 |a Daňová správa SR v prípade vstupu do Európskej únie bude povinná vykonať a implementovať do postupov používaných v daňovej správe zmeny, zabezpečujúce podmienky a nariadenia uplatňované v Európskej únii. 
610 2 0 |a dane 
610 2 0 |a správa daňová 
610 2 0 |a reformy 
610 2 0 |a aproximácia práva 
610 2 0 |a Slovensko 
610 2 0 |a Európska únia 
100 1 |a Mráz, Ondrej